Java 2 (Record no. 1104)

MARC details
000 -LEADER
Fixed length control field 00423nam a2200169 4500
003 - CONTROL NUMBER IDENTIFIER
Control field SEACOMEC
005 - DATE AND TIME OF LATEST TRANSACTION
Control field 20240515144544.0
008 - FIXED-LENGTH DATA ELEMENTS--GENERAL INFORMATION
Fixed length control field 240515b |||||||| |||| 00| 0 eng d
020 ## - INTERNATIONAL STANDARD BOOK NUMBER / ISBN
Price Rs.145.00
040 ## - CATALOGING SOURCE
Original cataloging agency SEACOMEC
082 ## - DEWEY DECIMAL CLASSIFICATION NUMBER
Classification number 005.133
Book Number B925
100 ## - MAIN ENTRY--PERSONAL NAME
Personal name Benjamin, Aumaille
245 1# - TITLE STATEMENT
Title Java 2
Statement of responsibility Aumaille Benjamin
260 ## - IMPRINT
Place of publication New Delhi
Name of publisher Firewall media
Date of publication 2006
650 ## - SUBJECT ADDED ENTRY--TOPICAL TERM
Topical term Programming Languages
942 ## - ADDED ENTRY ELEMENTS (KOHA)
Koha item type Books
Holdings
Withdrawn status Lost status Source of classification Damaged status Not for loan Home library Current library Date acquired Total Checkouts Call number Accession number Date last seen Price effective from Koha item type Copy number
    Dewey Decimal Classification     SEACOM ENGINEERING COLLEGE SEACOM ENGINEERING COLLEGE 28/11/2007   005.133 B925 8810 15/05/2024 15/05/2024 Books  
    Dewey Decimal Classification     SEACOM ENGINEERING COLLEGE SEACOM ENGINEERING COLLEGE 28/11/2007   005.133 B925 8811 15/05/2024 15/05/2024 Books 1
    Dewey Decimal Classification     SEACOM ENGINEERING COLLEGE SEACOM ENGINEERING COLLEGE 28/11/2007   005.133 B925 8812 15/05/2024 15/05/2024 Books 2
© Seacom Engineering College, All rights reserved.      Powered by Koha